000 00582nam a2200241Ia 4500
003 0100
008 130303s9999 xx 000 0 und d
020 _a136880290
040 _cARRUPELIB
050 _aJF51.P635 1985
100 _aCord, Robert L
245 _aPolitical science
245 _ban introduction
250 _a2nd
260 _aEnglewood Cliffs
260 _bPrentice-Hall, Inc.
260 _C1985
300 _axii
300 _b 398 p. 25 cm
650 _bChess
700 _aMedeiros, James A., Jones, Walter S. and Roskin, Michael G
942 0 0 _05
999 _c16163
_d16163